| 000 | 00372cam a2200157ua 4500 | ||
|---|---|---|---|
| 003 | OSt | ||
| 008 | 250104b |||||||| |||| 00| 0 eng d | ||
| 041 | _aeng | ||
| 082 |
_a621.381 _bKAG/EL |
||
| 100 |
_aKaganow , I . _96759 |
||
| 245 | _aElectronics in industry / | ||
| 250 | _a1 / | ||
| 260 |
_aMoscow : _bPeace Publishers , _c1961. |
||
| 300 | _a498 ; . | ||
| 942 | _cBK | ||
| 999 |
_c1953 _d1953 |
||